| 000 | 00000nam##2200000za#4500 |
| 001 | 9.663868 |
| 003 | CaOODSP |
| 005 | 20210615121250 |
| 007 | ta |
| 008 | 150407|2002||||xxc||||| f|0| 0 fre|d |
| 020 | |a0-662-66702-6 |
| 040 | |aCaOODSP|bfre |
| 041 | |aeng |
| 041 | |afre |
| 043 | |an-cn--- |
| 086 | 1 |aT22-114/2002 |
| 110 | 1 |aCanada. |bTransports Canada. |
| 245 | 13|aLa protection de nos frontières et de notre espace aérien : |brenseignements du gouvernement du Canada à l'intention des voyageurs |
| 260 | |aOttawa - Ontario : |bTransports Canada |c2002. |
| 300 | |aTexte français, 8p. : |bfigures en couleur ; |c21 cm. |
| 563 | |aDépliant |
| 590 | |a02-30|b2002-07-26 |
| 691 | 07|aMesure de sécurité|2gcpds |
| 691 | 07|aPassage des frontières|2gcpds |
| 691 | 07|aTransport aérien|2gcpds |
| 776 | 0#|tLa protection des nos frontières et de notre espace aérien : |w(CaOODSP)9.639885 |
| 776 | 0#|tProtecting our borders and skies : |w(CaOODSP)9.695763 |
| 791 | |tProtecting our borders and skies : |eeng|w(CaOODSP)9.663867 |